[Event "English Open Championship 2024"]
[Site "Holiday Inn, 212 Abbey End, Kenilworth CV8 1ED, United Kingdom"]
[Date "2024.06.21"]
[Round "4.15"]
[White "Khoury, Theo"]
[Black "Sefton, Adam"]
[Result "1-0"]
[TimeControl "G90 + 30secs/move"]
[WhiteFideId "480703"]
[BlackFideId "343400965"]
[WhiteElo "2057"]
[BlackElo "1850"]

1. e4 {[%clk 01:30:53]} {[%emt 00:00:03]} c5 {[%clk 01:30:48]} {[%emt
00:00:13]} 2. Nf3 {[%clk 01:31:16]} {[%emt 00:00:08]} d6 {[%clk 01:31:14]}
{[%emt 00:00:04]} 3. d4 {[%clk 01:31:33]} {[%emt 00:00:12]} cxd4 {[%clk
01:31:41]} {[%emt 00:00:03]} 4. Nxd4 {[%clk 01:31:59]} {[%emt 00:00:04]} Nf6
{[%clk 01:32:06]} {[%emt 00:00:05]} 5. Nc3 {[%clk 01:32:25]} {[%emt 00:00:05]}
a6 {[%clk 01:32:33]} {[%emt 00:00:03]} 6. f3 {[%clk 01:32:52]} {[%emt
00:00:03]} e5 {[%clk 01:32:13]} {[%emt 00:00:49]} 7. Nb3 {[%clk 01:33:18]}
{[%emt 00:00:05]} Be7 {[%clk 01:32:15]} {[%emt 00:00:27]} 8. Be3 {[%clk
01:33:40]} {[%emt 00:00:08]} Be6 {[%clk 01:32:18]} {[%emt 00:00:27]} 9. Qd2
{[%clk 01:34:07]} {[%emt 00:00:03]} h5 {[%clk 01:32:23]} {[%emt 00:00:25]} 10.
Be2 {[%clk 01:33:29]} {[%emt 00:01:08]} Nbd7 {[%clk 01:32:17]} {[%emt
00:00:36]} 11. Nd5 {[%clk 01:33:53]} {[%emt 00:00:06]} Bxd5 {[%clk 01:32:01]}
{[%emt 00:00:46]} 12. exd5 {[%clk 01:34:17]} {[%emt 00:00:06]} a5 {[%clk
01:31:59]} {[%emt 00:00:33]} 13. a4 {[%clk 01:34:25]} {[%emt 00:00:21]} O-O
{[%clk 01:32:08]} {[%emt 00:00:20]} 14. Bb5 {[%clk 01:33:44]} {[%emt 00:01:12]}
Qc7 {[%clk 01:27:10]} {[%emt 00:05:28]} 15. Rc1 {[%clk 01:32:53]} {[%emt
00:01:20]} h4 {[%clk 01:26:05]} {[%emt 00:01:33]} 16. O-O {[%clk 01:32:26]}
{[%emt 00:00:58]} Rfd8 {[%clk 01:20:27]} {[%emt 00:06:08]} 17. Rfd1 {[%clk
01:29:59]} {[%emt 00:02:58]} e4 {[%clk 01:15:18]} {[%emt 00:05:39]} 18. f4
{[%clk 01:16:38]} {[%emt 00:13:50]} Nf8 {[%clk 00:52:05]} {[%emt 00:23:44]} 19.
Be2 {[%clk 01:14:54]} {[%emt 00:02:14]} N6d7 {[%clk 00:44:59]} {[%emt
00:07:36]} 20. Nd4 {[%clk 01:13:14]} {[%emt 00:02:10]} Nc5 {[%clk 00:43:28]}
{[%emt 00:02:02]} 21. Nb5 {[%clk 01:11:21]} {[%emt 00:02:22]} Qc8 {[%clk
00:43:39]} {[%emt 00:00:20]} 22. b3 {[%clk 01:09:31]} {[%emt 00:02:19]} Bf6
{[%clk 00:40:13]} {[%emt 00:03:55]} 23. h3 {[%clk 01:07:33]} {[%emt 00:02:29]}
Be7 {[%clk 00:35:40]} {[%emt 00:05:03]} 24. Bd4 {[%clk 01:07:10]} {[%emt
00:00:52]} Ng6 {[%clk 00:32:51]} {[%emt 00:03:20]} 25. Rf1 {[%clk 01:04:34]}
{[%emt 00:03:05]} f5 {[%clk 00:30:57]} {[%emt 00:02:25]} 26. Bh5 {[%clk
01:04:01]} {[%emt 00:01:03]} Nf8 {[%clk 00:27:46]} {[%emt 00:03:41]} 27. Qc3
{[%clk 01:03:52]} {[%emt 00:00:38]} g6 {[%clk 00:28:00]} {[%emt 00:00:16]} 28.
Bh8 {[%clk 01:03:42]} {[%emt 00:00:41]} Nce6 {[%clk 00:27:59]} {[%emt
00:00:32]} 29. dxe6 {[%clk 01:02:27]} {[%emt 00:01:45]} Qxc3 {[%clk 00:28:20]}
{[%emt 00:00:09]} 30. Bxc3 {[%clk 01:02:53]} {[%emt 00:00:03]} gxh5 {[%clk
00:28:44]} {[%emt 00:00:06]} 31. Nc7 {[%clk 01:03:19]} {[%emt 00:00:05]} Rac8
{[%clk 00:28:43]} {[%emt 00:00:29]} 32. Nd5 {[%clk 01:01:45]} {[%emt 00:02:05]}
Ng6 {[%clk 00:27:10]} {[%emt 00:02:03]} 33. Bxa5 {[%clk 00:59:51]} {[%emt
00:02:24]} Re8 {[%clk 00:26:53]} {[%emt 00:00:46]} 34. c4 {[%clk 00:55:57]}
{[%emt 00:04:25]} Kf8 {[%clk 00:22:44]} {[%emt 00:04:39]} 35. Nc7 {[%clk
00:54:32]} {[%emt 00:01:54]} Bd8 {[%clk 00:18:54]} {[%emt 00:04:21]} 36. Nxe8
{[%clk 00:54:18]} {[%emt 00:00:43]} Bxa5 {[%clk 00:19:21]} {[%emt 00:00:04]} 37.
Nxd6 {[%clk 00:54:23]} {[%emt 00:00:25]} Rc6 {[%clk 00:17:45]} {[%emt
00:02:06]} 38. Nxf5 {[%clk 00:54:21]} {[%emt 00:00:32]} Bd2 {[%clk 00:17:50]}
{[%emt 00:00:25]} 39. Rcd1 {[%clk 00:51:23]} {[%emt 00:03:28]} e3 {[%clk
00:17:37]} {[%emt 00:00:43]} 40. Rxd2 {[%clk 00:51:26]} {[%emt 00:00:27]} exd2
{[%clk 00:18:01]} {[%emt 00:00:06]} 41. Rd1 {[%clk 00:51:54]} {[%emt 00:00:02]}
Rxe6 {[%clk 00:18:20]} {[%emt 00:00:11]} 42. Rxd2 {[%clk 00:52:17]} {[%emt
00:00:07]} Re1+ {[%clk 00:18:11]} {[%emt 00:00:39]} 43. Kf2 {[%clk 00:50:43]}
{[%emt 00:02:03]} Rb1 {[%clk 00:18:33]} {[%emt 00:00:09]} 44. Rd3 {[%clk
00:50:17]} {[%emt 00:00:56]} Rb2+ {[%clk 00:16:45]} {[%emt 00:02:18]} 45. Kf3
{[%clk 00:50:25]} {[%emt 00:00:22]} Rb1 {[%clk 00:17:11]} {[%emt 00:00:04]} 46.
Ne3 {[%clk 00:50:47]} {[%emt 00:00:08]} Ke7 {[%clk 00:17:09]} {[%emt 00:00:32]}
47. Ke4 {[%clk 00:50:39]} {[%emt 00:00:38]} Rb2 {[%clk 00:17:22]} {[%emt
00:00:17]} 48. f5 {[%clk 00:49:11]} {[%emt 00:01:58]} Nf8 {[%clk 00:17:30]}
{[%emt 00:00:21]} 49. Nd5+ {[%clk 00:49:25]} {[%emt 00:00:17]} Kf7 {[%clk
00:17:29]} {[%emt 00:00:31]} 50. Nf4 {[%clk 00:49:44]} {[%emt 00:00:11]} Ke7
{[%clk 00:17:32]} {[%emt 00:00:26]} 51. Nxh5 {[%clk 00:46:37]} {[%emt
00:03:38]} Rxg2 {[%clk 00:17:50]} {[%emt 00:00:12]} 52. f6+ {[%clk 00:46:34]}
{[%emt 00:00:33]} Kf7 {[%clk 00:18:12]} {[%emt 00:00:04]} 53. Kf5 {[%clk
00:46:36]} {[%emt 00:00:32]} Rf2+ {[%clk 00:18:28]} {[%emt 00:00:13]} 54. Kg5
{[%clk 00:44:51]} {[%emt 00:02:16]} Rg2+ {[%clk 00:18:47]} {[%emt 00:00:11]} 55.
Kf5 {[%clk 00:44:07]} {[%emt 00:01:14]} Rf2+ {[%clk 00:19:11]} {[%emt
00:00:06]} 56. Nf4 {[%clk 00:44:08]} {[%emt 00:00:29]} Rf1 {[%clk 00:19:13]}
{[%emt 00:00:29]} 57. Rd6 {[%clk 00:43:44]} {[%emt 00:00:53]} Ng6 {[%clk
00:18:20]} {[%emt 00:01:23]} 58. Rd7+ {[%clk 00:44:08]} {[%emt 00:00:06]} Ke8
{[%clk 00:18:44]} {[%emt 00:00:06]} 59. Rd4 {[%clk 00:44:12]} {[%emt 00:00:26]}
Kf7 {[%clk 00:18:49]} {[%emt 00:00:26]} 60. c5 {[%clk 00:42:47]} {[%emt
00:01:55]} Nf8 {[%clk 00:17:54]} {[%emt 00:01:24]} 61. Rb4 {[%clk 00:42:59]}
{[%emt 00:00:18]} Rf2 {[%clk 00:16:52]} {[%emt 00:01:31]} 62. Rxb7+ {[%clk
00:43:23]} {[%emt 00:00:06]} Kg8 {[%clk 00:16:34]} {[%emt 00:00:48]} 63. c6
{[%clk 00:43:09]} {[%emt 00:00:45]} Rc2 {[%clk 00:15:42]} {[%emt 00:01:22]} 64.
c7 {[%clk 00:43:34]} {[%emt 00:00:05]} Rc3 {[%clk 00:15:40]} {[%emt 00:00:31]}
65. a5 {[%clk 00:43:59]} {[%emt 00:00:06]} Rc5+ {[%clk 00:15:46]} {[%emt
00:00:24]} 66. Kg4 {[%clk 00:44:20]} {[%emt 00:00:09]} Rxa5 {[%clk 00:15:06]}
{[%emt 00:01:10]} 67. c8=Q {[%clk 00:44:26]} {[%emt 00:00:24]} Rg5+ {[%clk
00:15:32]} {[%emt 00:00:04]} 68. Kxg5 {[%clk 00:44:47]} {[%emt 00:00:08]} 1-0

[Event "English Open Championship 2024"]
[Site "Holiday Inn, 212 Abbey End, Kenilworth CV8 1ED, United Kingdom"]
[Date "2024.06.21"]
[Round "4.16"]
[White "Clarke, James"]
[Black "Balaji, Aaravamudhan"]
[Result "1-0"]
[TimeControl "G90 + 30secs/move"]
[WhiteFideId "463140"]
[BlackFideId "436224"]
[WhiteElo "1894"]
[BlackElo "2346"]

1. e4 {[%clk 01:30:57]} {[%emt 00:00:02]} g6 {[%clk 01:29:11]} {[%emt
00:01:40]} 2. d4 {[%clk 01:31:25]} {[%emt 00:00:12]} Bg7 {[%clk 01:29:36]}
{[%emt 00:00:05]} 3. Nf3 {[%clk 01:31:52]} {[%emt 00:00:03]} d6 {[%clk
01:30:01]} {[%emt 00:00:05]} 4. Bd3 {[%clk 01:31:48]} {[%emt 00:00:33]} Nc6
{[%clk 01:27:24]} {[%emt 00:03:08]} 5. c3 {[%clk 01:32:02]} {[%emt 00:00:16]}
e5 {[%clk 01:27:50]} {[%emt 00:00:04]} 6. O-O {[%clk 01:30:21]} {[%emt
00:02:11]} Nf6 {[%clk 01:25:53]} {[%emt 00:02:26]} 7. h3 {[%clk 01:30:06]}
{[%emt 00:00:46]} O-O {[%clk 01:26:13]} {[%emt 00:00:10]} 8. Re1 {[%clk
01:30:32]} {[%emt 00:00:04]} a6 {[%clk 01:24:46]} {[%emt 00:01:58]} 9. Bc2
{[%clk 01:30:47]} {[%emt 00:00:15]} h6 {[%clk 01:20:40]} {[%emt 00:04:35]} 10.
a4 {[%clk 01:30:28]} {[%emt 00:00:48]} b6 {[%clk 01:20:50]} {[%emt 00:00:20]}
11. d5 {[%clk 01:21:35]} {[%emt 00:09:24]} Ne7 {[%clk 01:20:09]} {[%emt
00:01:11]} 12. a5 {[%clk 01:21:53]} {[%emt 00:00:12]} b5 {[%clk 01:18:39]}
{[%emt 00:01:59]} 13. c4 {[%clk 01:22:12]} {[%emt 00:00:11]} bxc4 {[%clk
01:17:08]} {[%emt 00:02:01]} 14. Na3 {[%clk 01:17:17]} {[%emt 00:05:26]} Ne8
{[%clk 01:15:03]} {[%emt 00:02:34]} 15. Nxc4 {[%clk 01:15:51]} {[%emt
00:01:56]} f5 {[%clk 01:15:32]} {[%emt 00:00:02]} 16. exf5 {[%clk 01:12:02]}
{[%emt 00:04:18]} Nxf5 {[%clk 01:00:09]} {[%emt 00:15:53]} 17. Ra3 {[%clk
01:08:03]} {[%emt 00:04:29]} Qf6 {[%emt 00:20:08]} 18. Ncd2 {[%clk 00:57:49]}
Kh8 {[%clk 00:45:29]} {[%emt 00:06:16]} 19. Ne4 {[%clk 00:55:14]} {[%emt
00:03:04]} Qf7 {[%clk 00:44:35]} {[%emt 00:01:25]} 20. Bb3 {[%clk 00:51:03]}
{[%emt 00:04:41]} Nf6 {[%clk 00:43:21]} {[%emt 00:01:44]} 21. Nc5 {[%clk
00:44:30]} {[%emt 00:07:03]} e4 {[%clk 00:34:57]} {[%emt 00:08:54]} 22. Nxe4
{[%clk 00:42:47]} {[%emt 00:02:13]} Nxe4 {[%clk 00:35:07]} {[%emt 00:00:21]} 23.
Rxe4 {[%clk 00:42:38]} {[%emt 00:00:40]} g5 {[%clk 00:24:19]} {[%emt 00:11:17]}
24. Qd2 {[%clk 00:32:17]} {[%emt 00:10:50]} Bd7 {[%clk 00:07:16]} {[%emt
00:17:32]} 25. Bc4 {[%clk 00:32:01]} {[%emt 00:00:47]} Ne7 {[%clk 00:06:48]}
{[%emt 00:00:58]} 26. b4 {[%clk 00:26:52]} {[%emt 00:05:40]} Ng6 {[%clk
00:06:19]} {[%emt 00:01:00]} 27. Bb2 {[%clk 00:26:17]} {[%emt 00:01:05]} Nf4
{[%clk 00:06:06]} {[%emt 00:00:42]} 28. Rae3 {[%emt 00:03:25]} Ng6 {[%clk
00:06:35]} 29. Bxg7+ {[%clk 00:23:05]} {[%emt 00:00:48]} Qxg7 {[%clk 00:07:03]}
{[%emt 00:00:02]} 30. Qd4 {[%clk 00:20:53]} {[%emt 00:02:42]} Rf6 {[%clk
00:05:43]} {[%emt 00:01:50]} 31. Ne1 {[%clk 00:17:25]} {[%emt 00:03:58]} Ne5
{[%clk 00:05:12]} {[%emt 00:01:01]} 32. Nd3 {[%clk 00:15:53]} {[%emt 00:02:03]}
Ng6 {[%clk 00:01:28]} {[%emt 00:04:13]} 33. Qb2 {[%clk 00:13:29]} {[%emt
00:02:55]} h5 {[%clk 00:00:55]} {[%emt 00:01:03]} 34. Qe2 {[%clk 00:11:01]}
{[%emt 00:02:57]} g4 {[%clk 00:01:24]} {[%emt 00:00:01]} 35. h4 {[%clk
00:07:09]} {[%emt 00:04:23]} Rff8 {[%clk 00:01:13]} {[%emt 00:00:40]} 36. g3
{[%clk 00:05:45]} {[%emt 00:01:54]} Bf5 {[%clk 00:01:43]} {[%emt 00:00:01]} 37.
Re8 {[%clk 00:05:24]} {[%emt 00:00:50]} Bxd3 {[%clk 00:00:42]} {[%emt
00:01:31]} 38. Bxd3 {[%clk 00:04:57]} {[%emt 00:00:57]} Ne5 {[%clk 00:01:09]}
{[%emt 00:00:03]} 39. Rxa8 {[%clk 00:05:00]} {[%emt 00:00:28]} Rxa8 {[%clk
00:01:37]} {[%emt 00:00:02]} 40. Bxa6 {[%clk 00:04:16]} {[%emt 00:01:13]} Rf8
{[%clk 00:02:06]} {[%emt 00:00:01]} 41. Rxe5 {[%clk 00:03:52]} {[%emt
00:00:55]} dxe5 {[%clk 00:01:35]} {[%emt 00:01:01]} 42. Bb7 {[%clk 00:03:24]}
{[%emt 00:00:58]} e4 {[%clk 00:02:04]} {[%emt 00:00:01]} 43. Qxe4 {[%clk
00:02:58]} {[%emt 00:00:55]} Qa1+ {[%clk 00:01:37]} {[%emt 00:00:57]} 44. Kg2
{[%clk 00:03:15]} {[%emt 00:00:13]} Qb2 {[%clk 00:02:06]} {[%emt 00:00:01]} 45.
Qe3 {[%clk 00:03:06]} {[%emt 00:00:39]} Qxb4 {[%clk 00:02:29]} {[%emt
00:00:07]} 46. Qh6+ {[%clk 00:03:20]} {[%emt 00:00:16]} Kg8 {[%clk 00:02:59]}
{[%emt 00:00:01]} 47. Qg6+ {[%clk 00:03:14]} {[%emt 00:00:35]} Kh8 {[%clk
00:03:28]} {[%emt 00:00:01]} 48. Qxh5+ {[%clk 00:03:01]} {[%emt 00:00:43]} Kg7
{[%clk 00:03:56]} {[%emt 00:00:02]} 49. Qe5+ {[%clk 00:02:43]} {[%emt
00:00:48]} Kh6 {[%clk 00:00:36]} {[%emt 00:03:49]} 50. a6 {[%clk 00:02:53]}
{[%emt 00:00:21]} Rf7 {[%clk 00:00:32]} {[%emt 00:00:35]} 51. Qh8+ {[%clk
00:02:08]} {[%emt 00:01:14]} Kg6 {[%clk 00:00:53]} {[%emt 00:00:09]} 52. Qg8+
{[%clk 00:02:17]} {[%emt 00:00:21]} Rg7 {[%clk 00:00:59]} {[%emt 00:00:24]} 53.
Qe6+ {[%clk 00:02:34]} {[%emt 00:00:14]} Kh7 {[%clk 00:01:27]} {[%emt
00:00:01]} 54. d6 {[%clk 00:02:15]} {[%emt 00:00:49]} cxd6 {[%clk 00:00:40]}
{[%emt 00:01:17]} 55. Be4+ {[%clk 00:02:15]} {[%emt 00:00:30]} Kh8 {[%clk
00:01:05]} {[%emt 00:00:05]} 56. Qh6+ {[%clk 00:02:14]} {[%emt 00:00:31]} 1-0

[Event "English Open Championship 2024"]
[Site "Holiday Inn, 212 Abbey End, Kenilworth CV8 1ED, United Kingdom"]
[Date "2024.06.21"]
[Round "4.17"]
[White "Boswell, Jacob Connor"]
[Black "Burrows, Martin P"]
[Result "1-0"]
[TimeControl "G90 + 30secs/move"]
[WhiteFideId "427110"]
[BlackFideId "409057"]
[WhiteElo "2274"]
[BlackElo "2019"]

1. d4 {[%clk 01:26:29]} {[%emt 00:00:01]} Nf6 {[%clk 01:30:53]} {[%emt
00:00:08]} 2. c4 {[%clk 01:26:42]} {[%emt 00:00:17]} e6 {[%clk 01:31:18]}
{[%emt 00:00:05]} 3. Nf3 {[%clk 01:27:06]} {[%emt 00:00:06]} b6 {[%clk
01:31:32]} {[%emt 00:00:17]} 4. g3 {[%clk 01:27:30]} {[%emt 00:00:05]} Ba6
{[%clk 01:31:47]} {[%emt 00:00:15]} 5. b3 {[%clk 01:27:55]} {[%emt 00:00:06]}
Bb4+ {[%clk 01:32:05]} {[%emt 00:00:12]} 6. Bd2 {[%clk 01:28:19]} {[%emt
00:00:05]} Be7 {[%clk 01:32:28]} {[%emt 00:00:07]} 7. Nc3 {[%clk 01:28:25]}
{[%emt 00:00:24]} d5 {[%clk 01:32:21]} {[%emt 00:00:37]} 8. cxd5 {[%clk
01:28:24]} {[%emt 00:00:31]} exd5 {[%clk 01:32:37]} {[%emt 00:00:14]} 9. Bg2
{[%clk 01:28:34]} {[%emt 00:00:19]} O-O {[%clk 01:32:19]} {[%emt 00:00:49]} 10.
O-O {[%clk 01:28:57]} {[%emt 00:00:06]} Bb7 {[%clk 01:29:25]} {[%emt 00:03:25]}
11. Bf4 {[%clk 01:26:38]} {[%emt 00:02:49]} Nbd7 {[%clk 01:29:09]} {[%emt
00:00:47]} 12. Qc2 {[%clk 01:13:10]} {[%emt 00:13:58]} c5 {[%clk 01:26:38]}
{[%emt 00:03:00]} 13. dxc5 {[%clk 01:08:36]} {[%emt 00:05:04]} Nxc5 {[%clk
01:26:35]} {[%emt 00:00:34]} 14. Nb5 {[%clk 01:05:48]} {[%emt 00:03:17]} Nfe4
{[%clk 01:19:17]} {[%emt 00:07:47]} 15. Rac1 {[%clk 00:56:53]} {[%emt
00:09:26]} a6 {[%clk 01:14:28]} {[%emt 00:05:20]} 16. Nc7 {[%clk 00:41:46]}
{[%emt 00:15:36]} Rc8 {[%clk 01:13:15]} {[%emt 00:01:43]} 17. Bh3 {[%clk
00:41:23]} {[%emt 00:00:53]} Rxc7 {[%clk 00:54:39]} {[%emt 00:19:07]} 18. Bxc7
{[%clk 00:40:49]} {[%emt 00:01:04]} Qxc7 {[%clk 00:55:06]} {[%emt 00:00:02]} 19.
b4 {[%clk 00:40:28]} {[%emt 00:00:52]} g6 {[%clk 00:53:49]} {[%emt 00:01:46]}
20. bxc5 {[%clk 00:37:16]} {[%emt 00:03:43]} bxc5 {[%clk 00:53:50]} {[%emt
00:00:29]} 21. Nd2 {[%clk 00:27:06]} {[%emt 00:10:39]} Nf6 {[%clk 00:42:19]}
{[%emt 00:12:01]} 22. e3 {[%clk 00:25:52]} {[%emt 00:01:45]} Qe5 {[%clk
00:40:41]} {[%emt 00:02:07]} 23. Rb1 {[%clk 00:22:50]} {[%emt 00:03:33]} Bc6
{[%clk 00:39:53]} {[%emt 00:01:18]} 24. Bg2 {[%clk 00:20:35]} {[%emt 00:02:45]}
Rc8 {[%clk 00:37:53]} {[%emt 00:02:29]} 25. Rfc1 {[%clk 00:19:55]} {[%emt
00:01:10]} c4 {[%emt 00:16:06]} 26. Nf3 {[%clk 00:15:05]} Qh5 {[%clk 00:27:23]}
{[%emt 00:00:44]} 27. Qc3 {[%clk 00:13:41]} {[%emt 00:01:54]} Nd7 {[%clk
00:20:26]} {[%emt 00:07:27]} 28. Qd4 {[%clk 00:13:12]} {[%emt 00:00:59]} Bf6
{[%clk 00:19:04]} {[%emt 00:01:51]} 29. Qf4 {[%clk 00:12:51]} {[%emt 00:00:51]}
g5 {[%clk 00:15:04]} {[%emt 00:04:31]} 30. Qf5 {[%clk 00:13:02]} {[%emt
00:00:18]} Qg6 {[%clk 00:14:59]} {[%emt 00:00:36]} 31. Bh3 {[%clk 00:10:50]}
{[%emt 00:02:42]} Qxf5 {[%clk 00:14:08]} {[%emt 00:01:21]} 32. Bxf5 {[%clk
00:11:18]} {[%emt 00:00:02]} Rc7 {[%clk 00:14:04]} {[%emt 00:00:34]} 33. Nd4
{[%clk 00:08:47]} {[%emt 00:03:01]} Nc5 {[%clk 00:13:42]} {[%emt 00:00:51]} 34.
Rb8+ {[%clk 00:06:35]} {[%emt 00:02:43]} Kg7 {[%clk 00:14:04]} {[%emt
00:00:08]} 35. Rc8 {[%clk 00:05:21]} {[%emt 00:01:44]} Rxc8 {[%clk 00:11:31]}
{[%emt 00:03:04]} 36. Bxc8 {[%clk 00:05:49]} {[%emt 00:00:01]} Nd3 {[%clk
00:11:40]} {[%emt 00:00:21]} 37. Rc3 {[%clk 00:05:37]} {[%emt 00:00:42]} a5
{[%clk 00:11:09]} {[%emt 00:01:01]} 38. Rxd3 {[%clk 00:05:13]} {[%emt
00:00:54]} cxd3 {[%clk 00:10:00]} {[%emt 00:01:39]} 39. Nxc6 {[%emt 00:04:55]}
1-0